00334nam a2200133Ia 45000010005000000080041000050200022000460820022000681000023000902450021001132600023001349010028001579990015001853912241024s9999 xx 000 0 und d a978-9945-465-42-6 aRD/863.97293/J61s aJosefina Jiménez 0aSilfri y Ramón bEdiciones CPc2013 a29/1/2015 11:14:13 a.m. c7767d7767